000 00660nam a2200205 i 4500
001 65170
003 ES-MaACL
005 20230906165318.0
007 t|
008 040109s1927 po ||||1| por d
100 1 _aFrancés, José,
_d1883-1964
_952141
245 1 2 _aA mulher de ninguem
_b: romance da actualidade /
_cJosé Francés ; traducâo de Ribeiro Lousada.
260 _aPorto :
_bLivraria Civilizaçao,
_c1927] (
_fSoc. de Papelaria)
300 _a260 p. ;
_c19 cm.
490 1 _aColecçâo de Hoje
700 1 _aLousada, Ribeiro.
_974331
830 0 _aColecçâo de Hoje
_9185751
852 _aES-MaACL
_jF-4135
999 _c65170
_d65170